000 01143nam a2200313Ia 4500
003 OSt
005 20221007121335.0
006 a|||||r|||| 00| 0
007 ta
008 221006b |||||||| |||| 00| 0 eng d
020 _a9781907568299 (hbk)
024 _a192580
037 _b211, 09/02/2015, N R Book Distributors
_cTextual
040 _aBDL
_cBDL
_beng
041 _2eng
_aeng
082 _aI:(G:F), Q3 Carb
100 _aPoltronieri Palmiro Ed.
_9711534
245 0 _aFrom plant genomics to plant biotechnology
_b Burbulis Natalija Ed. Fogher Corrado Ed.
260 _aNew
_bDelhi Woodhead Pub
_c2013
300 _axxxii, 242p. ill.
_ccm.
500 _aReferences 231-234p.; Index 235-242p.
650 _a Cryptochrome genes
_9711535
650 _a Natural resveratrol bioproduction
_9711536
650 _aUniqueness
_9711537
700 _a Burbulis Natalija Ed.
_9711538
700 _a Fogher Corrado Ed.
_9711539
942 _hI:(G:F), Q3 Carb
_cTEXL
_2CC
999 _c1208759
_d1208759